000 00626nam a2200205 i 4500
001 47137
003 ES-MaACL
005 20230906161517.0
007 t|
008 030403s1964 sp ||||1| spa d
100 1 _aConty, J. M.
_940331
245 1 0 _aDecisión y psicología al servicio de la dirección /
_cpor J. M. Conty ; traducido por Ricardo Riccardi.
260 _aBilbao :
_bDeusto,
_c[1964]
300 _a286 p. ;
_c21 cm.
490 1 _aColección gestión
700 1 _aRiccardi, Riccardo.
_996873
830 0 _aColección gestión
_9180966
852 _aES-MaACL
_jC-26782
_bR.55234
999 _c47137
_d47137